000 00854nam a2200265 i 4500
003 DO-SdBNP
005 20240711102611.0
007 ta
008 240711b1969 mx ||||| |||| 00| 0 spa d
040 _aDO-SdBNP
_bspa
_cBNPHU
_erda
082 4 _222
100 _aKopnin, P. V,
_q(Pavel Vasilʹevich)
_961003
_eautor
245 1 0 _aHipótesis y verdad /
_cP. V. Kopnin ; versión, Lydia Kupervde Velasco
264 _aMéxico :
_bGrijaldo,
_c1969
300 _a153 páginas ;
_c18 cm.
336 _2rdacontent
_atexto
_btxt
337 _2rdamedia
_asin mediación
_bn
338 _2rdacarrier
_avolumen
_bnc
490 _aCooección 70
500 _aIncluye referencias bibliográficas y notas al pie de las p►0ginas
590 _aInventariado, 2024/BT
700 1 _aKuper Velasco, Lydia de
_eversión
_986047
910 _aBtavárez
942 _2ddc
_cLBS1
999 _c57256
_d57256